[Event "Politiken Cup 2007"]
[Site "Helsingor"]
[Date "2007.07.22"]
[Round "2.16"]
[White "Brynell, Stellan"]
[Black "Corke, Anya"]
[Result "1-0"]
[WhiteElo "2470"]
[BlackElo "2149"]
[PlyCount "63"]
[EventDate "2007.??.??"]

1. d4 e6 2. Nf3 Nf6 3. c4 d5 4. g3 Bb4+ 5. Nc3 dxc4 6. Bg2 O-O 7. O-O Nc6 8.
Bg5 h6 9. Bxf6 Qxf6 10. e3 Bxc3 11. bxc3 e5 12. Nd2 exd4 13. cxd4 Ne7 14. Nxc4
Be6 15. Na5 b6 16. Bxa8 Rxa8 17. Nb3 Bd5 18. f3 Nf5 19. Qd2 Re8 20. Rae1 Bc4
21. Rf2 a5 22. Qc3 Bd5 23. g4 Nh4 24. e4 Ba8 25. Re3 Qf4 26. Nc1 h5 27. Ne2 Qh6
28. Ng3 hxg4 29. fxg4 Qg6 30. Qxc7 Bxe4 31. Rxe4 Rxe4 32. Qd8+ 1-0

[Event "Politiken Cup 2007"]
[Site "Helsingor"]
[Date "2007.07.22"]
[Round "2.17"]
[White "Petersen, Steen"]
[Black "Rohit, G."]
[Result "0-1"]
[WhiteElo "2165"]
[BlackElo "2470"]
[PlyCount "42"]
[EventDate "2007.??.??"]

1. e4 c5 2. Nf3 e6 3. d3 Nc6 4. g3 g6 5. Bg2 Bg7 6. O-O Nge7 7. c3 O-O 8. d4
cxd4 9. cxd4 d5 10. e5 f6 11. exf6 Bxf6 12. Nc3 Nf5 13. Be3 Bd7 14. Qd2 Rc8 15.
Rfd1 Qe7 16. Rac1 Qb4 17. a3 Qb3 18. Ne5 Bxe5 19. dxe5 d4 20. Ne4 dxe3 21. Qxd7
Rcd8 0-1

[Event "Politiken Cup 2007"]
[Site "Helsingor"]
[Date "2007.07.22"]
[Round "2.19"]
[White "Kaaber, Jacob"]
[Black "Thorhallsson, Throstur"]
[Result "0-1"]
[WhiteElo "2162"]
[BlackElo "2461"]
[PlyCount "72"]
[EventDate "2007.??.??"]

1. e4 c5 2. Nf3 Nc6 3. d4 cxd4 4. Nxd4 Nf6 5. Nc3 d6 6. Bg5 e6 7. Qd2 a6 8.
O-O-O Bd7 9. Be2 Rc8 10. f4 h6 11. Bh4 Nxe4 12. Bxd8 Nxd2 13. Bb6 Nxd4 14. Bxd4
Nc4 15. b3 Na5 16. Rhe1 Nc6 17. Bb6 Be7 18. Kb1 d5 19. Bg4 Bb4 20. Nxd5 Bxe1
21. Rxe1 O-O 22. Ne3 Ne7 23. c4 Bc6 24. g3 Rfe8 25. Nd1 Ng6 26. Nf2 Nf8 27. Ba5
Nd7 28. Bd1 b6 29. Bb4 Nf6 30. Bc2 Red8 31. Kb2 b5 32. Ba5 Rd7 33. Kc3 bxc4 34.
bxc4 Bb5 35. Bb3 Bxc4 36. Bxc4 Nd5+ 0-1

[Event "Politiken Cup 2007"]
[Site "Helsingor"]
[Date "2007.07.22"]
[Round "2.20"]
[White "Ivanov, Mikhail M"]
[Black "Peschardt, Soren"]
[Result "1-0"]
[WhiteElo "2455"]
[BlackElo "2137"]
[PlyCount "71"]
[EventDate "2007.??.??"]

1. Nf3 f5 2. g3 Nf6 3. Bg2 e6 4. c4 d5 5. O-O c6 6. d3 Be7 7. Nc3 O-O 8. e4 Na6
9. cxd5 exd5 10. exd5 Nxd5 11. Nxd5 cxd5 12. d4 Bd7 13. Ne5 Bc6 14. Qb3 Bf6 15.
Re1 Bxe5 16. Rxe5 Nc7 17. Bd2 Qd7 18. Rae1 Rae8 19. Bb4 Rxe5 20. Rxe5 Re8 21.
Qe3 Rxe5 22. Qxe5 Ne8 23. h4 Kf7 24. Bh3 Qe6 25. Bxf5 Qxe5 26. dxe5 g6 27. Bd3
Ke6 28. f4 Ng7 29. g4 Be8 30. Bf8 Kf7 31. Bxg7 Kxg7 32. f5 Bd7 33. Kf2 h5 34.
f6+ Kf7 35. gxh5 gxh5 36. Ke3 1-0

[Event "Politiken Cup 2007"]
[Site "Helsingor"]
[Date "2007.07.22"]
[Round "2.21"]
[White "Kovachev, Daniel Jakobsen"]
[Black "Rasmussen, Allan Stig"]
[Result "0-1"]
[WhiteElo "2153"]
[BlackElo "2450"]
[PlyCount "104"]
[EventDate "2007.??.??"]

1. e4 c6 2. c4 d5 3. cxd5 cxd5 4. exd5 Nf6 5. Nc3 Nxd5 6. Nf3 e6 7. d4 Be7 8.
Bd3 Nc6 9. O-O O-O 10. Re1 Nf6 11. Bg5 b6 12. Qe2 Bb7 13. Rad1 Nb4 14. Bb1 Rc8
15. Ne5 Re8 16. h3 h6 17. Nxf7 Kxf7 18. Qxe6+ Kf8 19. Bg6 Bd5 20. Nxd5 Qxd5 21.
Bxe8 Qxe6 22. Rxe6 Rxe8 23. Bd2 Nbd5 24. Rc1 Rd8 25. Rec6 Kf7 26. Kf1 Ne4 27.
Be3 Ng3+ 28. Ke1 Nf5 29. Ke2 Bf6 30. Rc8 Rd7 31. Kd3 Nd6 32. Ra8 g5 33. g4 Rb7
34. a3 Nc7 35. Rb8 Rxb8 36. Rxc7+ Be7 37. Rxa7 Nb5 38. Ra6 Nc7 39. Ra7 Bd6 40.
a4 Ke6 41. Ke4 Nd5 42. Kd3 Bc7 43. Kc4 Kd6 44. Kd3 Kc6 45. Ke4 Re8+ 46. Kf3 Kd7
47. Bd2 Ne7 48. Ra6 Kc8 49. b4 Kb7 50. b5 Nc6 51. bxc6+ Kxa6 52. Bb4 b5 0-1

[Event "Politiken Cup 2007"]
[Site "Helsingor"]
[Date "2007.07.22"]
[Round "2.22"]
[White "Karttunen, Mika"]
[Black "Nielsen, Borge Hjerrild"]
[Result "1-0"]
[WhiteElo "2447"]
[BlackElo "2121"]
[PlyCount "65"]
[EventDate "2007.??.??"]

1. d4 d5 2. c4 e6 3. Nc3 Be7 4. cxd5 exd5 5. Bf4 c6 6. e3 Bf5 7. Bd3 Bxd3 8.
Qxd3 Nf6 9. Nge2 Nbd7 10. h3 a5 11. O-O O-O 12. Rad1 Re8 13. f3 g6 14. e4 Nf8
15. e5 Nh5 16. Be3 Ng7 17. g4 f5 18. Ng3 Bh4 19. Nce2 Qd7 20. Kh2 Qf7 21. Bh6
Nfe6 22. f4 Ra6 23. Rf3 Kh8 24. Nf1 Be7 25. Ne3 Rb6 26. b3 a4 27. Rg1 axb3 28.
axb3 Rb4 29. Rfg3 fxg4 30. hxg4 Bh4 31. Rf3 Ng5 32. Bxg5 Bxg5 33. Nc2 1-0

[Event "Politiken Cup 2007"]
[Site "Helsingor"]
[Date "2007.07.22"]
[Round "2.23"]
[White "Rasmussen, Uffe"]
[Black "Skytte, Rasmus"]
[Result "1/2-1/2"]
[WhiteElo "2136"]
[BlackElo "2416"]
[PlyCount "49"]
[EventDate "2007.??.??"]

1. e4 c5 2. Nc3 Nc6 3. f4 e6 4. Nf3 a6 5. d4 cxd4 6. Nxd4 Qc7 7. Nxc6 Qxc6 8.
Bd3 b5 9. Be3 Bb7 10. Bd4 Nf6 11. e5 Nd5 12. Be4 Bb4 13. O-O Bxc3 14. Bxc3 Qc4
15. Bxd5 Bxd5 16. Bd4 O-O 17. c3 Rfc8 18. Qd2 Be4 19. Rae1 Bf5 20. h3 Qd3 21.
Qf2 Bg6 22. Re3 Qc2 23. Re2 Qd3 24. Re3 Qc2 25. Re2 1/2-1/2

[Event "Politiken Cup 2007"]
[Site "Helsingor"]
[Date "2007.07.22"]
[Round "2.24"]
[White "Hammer, Jon Ludvig"]
[Black "Nielsen, Jacob Woge"]
[Result "1-0"]
[WhiteElo "2412"]
[BlackElo "2111"]
[PlyCount "97"]
[EventDate "2007.??.??"]

1. e4 e6 2. d4 d5 3. Nc3 Bb4 4. e5 c5 5. a3 Bxc3+ 6. bxc3 Qc7 7. Qg4 f5 8. Qg3
cxd4 9. cxd4 Ne7 10. c3 O-O 11. Nh3 Nec6 12. a4 b6 13. Ba3 Re8 14. Be2 Ba6 15.
Bh5 Rc8 16. Bd6 Qd7 17. Ng5 Nd8 18. Nxh7 Kxh7 19. Bg6+ Kh6 20. h4 Nf7 21. Ba3
Rxc3 22. Bc1+ Rxc1+ 23. Rxc1 Qe7 24. Kd1 Nd7 25. Bxf7 Qxf7 26. Qg5+ Kh7 27. Rc7
Bc4 28. h5 a6 29. Qg6+ Qxg6 30. hxg6+ Kxg6 31. Rxd7 b5 32. a5 b4 33. Rd6 Kf7
34. Kc2 Rc8 35. Kb2 Bb5 36. Rc1 Bc4 37. Rh1 Bb5 38. Rc1 Bc4 39. Rb6 b3 40. Rb7+
Kg6 41. Rxb3 Rh8 42. Rb7 f4 43. Re7 Rb8+ 44. Kc2 Kf5 45. f3 g6 46. Rh1 Rb4 47.
Rh4 Bf1 48. Rf7+ Kg5 49. Rfxf4 1-0

[Event "Politiken Cup 2007"]
[Site "Helsingor"]
[Date "2007.07.22"]
[Round "2.25"]
[White "Finnlaugsson, Gunnar"]
[Black "Antonsen, Mikkel"]
[Result "0-1"]
[WhiteElo "2116"]
[BlackElo "2406"]
[PlyCount "46"]
[EventDate "2007.??.??"]

1. e4 e6 2. d4 d5 3. Nc3 Bb4 4. e5 c5 5. a3 Bxc3+ 6. bxc3 Ne7 7. h4 Nbc6 8. a4
Qa5 9. Bd2 Bd7 10. h5 O-O-O 11. Nf3 h6 12. g3 f6 13. c4 Qc7 14. exf6 gxf6 15.
cxd5 Nxd5 16. c3 Rhe8 17. Bg2 e5 18. dxe5 Nxe5 19. Nxe5 Qxe5+ 20. Kf1 Nxc3 21.
Qc1 Bb5+ 22. axb5 Qe2+ 23. Kg1 Rxd2 0-1

[Event "Politiken Cup 2007"]
[Site "Helsingor"]
[Date "2007.07.22"]
[Round "2.26"]
[White "Ziska, Helgi Dam"]
[Black "Cannon, Richard J"]
[Result "1-0"]
[WhiteElo "2408"]
[BlackElo "2104"]
[PlyCount "157"]
[EventDate "2007.??.??"]

1. e4 e6 2. d3 d5 3. Nd2 Nf6 4. Ngf3 dxe4 5. dxe4 Bc5 6. Bb5+ c6 7. Bd3 e5 8.
O-O Nbd7 9. c3 a5 10. Nc4 Qc7 11. Bd2 a4 12. Nh4 b5 13. Ne3 Nf8 14. Nef5 Ne6
15. Qf3 Nd7 16. Kh1 Ndf8 17. g3 Bb7 18. Qe2 Ng6 19. Ng2 Rd8 20. Rad1 Rd7 21. h4
h5 22. a3 Qd8 23. Bb1 Ngf8 24. f4 f6 25. fxe5 fxe5 26. Bg5 Qc7 27. Rxd7 Qxd7
28. Be3 Be7 29. Ba2 g6 30. Nh6 Rh7 31. Ng8 Rf7 32. Rd1 Qc7 33. c4 Ba6 34. cxb5
Bxb5 35. Bc4 Qb7 36. Nxe7 Rxe7 37. Rc1 Rf7 38. Qc2 Rc7 39. Ba2 Rd7 40. Qc3 Qc7
41. Bc4 Qd6 42. Bxb5 cxb5 43. Qc8+ Rd8 44. Qb7 Rb8 45. Qd5 Qxd5 46. exd5 Ng7
47. Re1 Kd7 48. Bc5 Nf5 49. Rxe5 Nxg3+ 50. Kh2 Nf5 51. Ne3 Nd6 52. Bb4 Rc8 53.
Kg3 Rc1 54. Bxd6 Kxd6 55. Re8 Nd7 56. Re6+ Kc7 57. Rxg6 Rg1+ 58. Ng2 Ne5 59.
d6+ Kc6 60. d7+ Kxd7 61. Rb6 Rb1 62. Rxb5 Nc4 63. Rb4 Rc1 64. Kf3 Kd6 65. Ne3
Ne5+ 66. Ke4 Rh1 67. Nf5+ Ke6 68. Rb6+ Kf7 69. Kxe5 Re1+ 70. Kf4 Rg1 71. Ng3
Rc1 72. Rb4 Rc2 73. Nxh5 Kg6 74. Ng3 Rf2+ 75. Kg4 Rg2 76. h5+ Kh6 77. Rb6+ Kh7
78. Kf4 Rf2+ 79. Ke5 1-0

[Event "Politiken Cup 2007"]
[Site "Helsingor"]
[Date "2007.07.22"]
[Round "2.27"]
[White "Pedersen, Christian Kyndel"]
[Black "Pedersen, Dimon Paul"]
[Result "1-0"]
[WhiteElo "2392"]
[BlackElo "2092"]
[PlyCount "65"]
[EventDate "2007.??.??"]

1. Nf3 c5 2. c4 g6 3. e4 Bg7 4. d4 cxd4 5. Nxd4 Nc6 6. Be3 d6 7. Nc3 Nf6 8. Be2
O-O 9. O-O Bd7 10. Qd2 Nxd4 11. Bxd4 Bc6 12. f3 a5 13. Rfd1 b6 14. Rac1 Nd7 15.
Be3 Nc5 16. b3 Qd7 17. Bf1 Rab8 18. Qc2 Rfc8 19. a3 a4 20. b4 Nb3 21. Rb1 b5
22. c5 Qe6 23. Nd5 dxc5 24. bxc5 Rd8 25. Nb4 Qf6 26. f4 Qe6 27. e5 Be8 28. c6
Rdc8 29. c7 Rb7 30. Rd8 Bf8 31. Nd5 Kg7 32. Qc3 Bd7 33. Rxd7 1-0

[Event "Politiken Cup 2007"]
[Site "Helsingor"]
[Date "2007.07.22"]
[Round "2.28"]
[White "Zude, Erik Dr"]
[Black "Hirneise, Jens"]
[Result "1-0"]
[WhiteElo "2399"]
[BlackElo "2090"]
[PlyCount "93"]
[EventDate "2007.??.??"]

1. d4 Nf6 2. c4 g6 3. Nc3 Bg7 4. e4 d6 5. Nf3 O-O 6. h3 e5 7. d5 a5 8. Bg5 Na6
9. Be2 c6 10. O-O Bd7 11. a3 Kh8 12. Rb1 c5 13. Qd2 Qb8 14. Nh2 Ng8 15. Be3 f6
16. f4 Ne7 17. Nf3 b6 18. Rf2 Qe8 19. Rbf1 Ng8 20. f5 gxf5 21. exf5 Bxf5 22.
Nxe5 Bc8 23. Nd3 Nc7 24. Kh1 f5 25. Bf4 Qg6 26. Bh2 Bd7 27. Bd1 Rae8 28. Nf4
Qh6 29. Bc2 b5 30. Nd3 Qxd2 31. Rxd2 bxc4 32. Nxc5 dxc5 33. Bxc7 f4 34. Rdf2
Ne7 35. Bxf4 Bxc3 36. bxc3 Kg8 37. Rf3 Ng6 38. Bh6 Rxf3 39. Rxf3 Re5 40. d6
Re1+ 41. Kh2 Re6 42. h4 Bc6 43. d7 Bxd7 44. h5 Bc6 45. Rg3 Be4 46. Bxe4 Rxe4
47. hxg6 1-0

[Event "Politiken Cup 2007"]
[Site "Helsingor"]
[Date "2007.07.22"]
[Round "2.30"]
[White "Brøndum, Jan"]
[Black "Tocklin, Tomi"]
[Result "0-1"]
[WhiteElo "1504"]
[BlackElo "1943"]
[PlyCount "82"]
[EventDate "2007.??.??"]

1. e4 c6 2. e5 d5 3. exd6 exd6 4. Qe2+ Be7 5. g3 Nf6 6. Bg2 O-O 7. Nf3 Bg4 8.
c3 Nbd7 9. d4 d5 10. h3 Bh5 11. g4 Bg6 12. Be3 Re8 13. Nbd2 Bd6 14. Nf1 Qc7 15.
N1d2 Re7 16. O-O-O Qa5 17. Nh4 Qxa2 18. Nxg6 hxg6 19. Nb1 Nb6 20. Qc2 Nc4 21.
b3 Qxc2+ 22. Kxc2 Nxe3+ 23. fxe3 Rxe3 24. Rhe1 Rae8 25. Rxe3 Rxe3 26. Rd3 Rxd3
27. Kxd3 Kf8 28. Nd2 Ke7 29. Nf1 a5 30. Nd2 Ne8 31. Nb1 Nc7 32. Nd2 Ne6 33. Bf1
Nf4+ 34. Kc2 Kf6 35. Nf3 Ne6 36. Kd3 b5 37. Kc2 Bf4 38. Kd3 a4 39. b4 Nf8 40.
Ng1 Nd7 41. Ne2 Bd6 0-1

[Event "Politiken Cup 2007"]
[Site "Helsingor"]
[Date "2007.07.22"]
[Round "2.31"]
[White "Sorensen, Torben"]
[Black "Jensen, Michael Agermose"]
[Result "1-0"]
[WhiteElo "2375"]
[BlackElo "2086"]
[PlyCount "119"]
[EventDate "2007.??.??"]

1. Nf3 g6 2. d4 Bg7 3. g3 f5 4. Bg2 Nf6 5. O-O O-O 6. b3 d6 7. Bb2 Ne4 8. Nbd2
Nc6 9. Ne1 Nxd2 10. Qxd2 Qe8 11. e3 e5 12. dxe5 dxe5 13. Qc3 Rf7 14. Bxc6 bxc6
15. Qa5 f4 16. exf4 Bh3 17. Bxe5 Bxf1 18. Kxf1 Qe6 19. Nf3 Qd5 20. Qxd5 cxd5
21. Rd1 Rd7 22. c4 c6 23. Bxg7 Kxg7 24. Ne5 Rd6 25. cxd5 Rxd5 26. Rc1 c5 27.
Ke2 Rad8 28. Ke3 R8d6 29. h4 h5 30. Rc4 Ra6 31. a4 Rb6 32. Rc3 Rbd6 33. Ke4
Rd4+ 34. Kf3 R4d5 35. Ke3 Rd8 36. Nd3 Re8+ 37. Kf3 Rc8 38. b4 Rxd3+ 39. Rxd3
cxb4 40. Rd7+ Kf6 41. Rxa7 Rb8 42. Rd7 b3 43. Rd1 b2 44. Rb1 Kf5 45. a5 Rb3+
46. Kg2 Ra3 47. Rxb2 Rxa5 48. Re2 Kf6 49. Kf3 Ra3+ 50. Re3 Ra5 51. Re5 Rxe5 52.
fxe5+ Kxe5 53. Ke3 Kf5 54. f3 Ke5 55. Kd3 Kd5 56. f4 Kd6 57. Kd4 Ke6 58. Ke4
Kf6 59. f5 gxf5+ 60. Kf4 1-0

[Event "Politiken Cup 2007"]
[Site "Helsingor"]
[Date "2007.07.22"]
[Round "2.32"]
[White "Borg, Andrew"]
[Black "Thorfinnsson, Bragi"]
[Result "0-1"]
[WhiteElo "2102"]
[BlackElo "2389"]
[PlyCount "132"]
[EventDate "2007.??.??"]

1. Nf3 Nf6 2. c4 g6 3. Nc3 d5 4. cxd5 Nxd5 5. g3 Bg7 6. Bg2 O-O 7. O-O Nc6 8.
d4 Nb6 9. e3 e5 10. dxe5 Nxe5 11. Nxe5 Bxe5 12. Qc2 c6 13. Rb1 Qe7 14. Na4 Be6
15. Nxb6 axb6 16. a3 Ba2 17. Ra1 Qe6 18. Bh3 Qc4 19. Qxc4 Bxc4 20. Re1 Rfd8 21.
Bf1 Be6 22. Be2 b5 23. Rd1 Bb3 24. Rxd8+ Rxd8 25. Kf1 c5 26. f4 Bg7 27. e4 c4
28. e5 f6 29. exf6 Bxf6 30. Bf3 c3 31. bxc3 Bxc3 32. Rb1 Bc2 33. Rb2 Bxb2 34.
Bxb2 Rd2 35. Bd4 Bd3+ 36. Ke1 Rxh2 37. Bxb7 Bc4 38. g4 g5 39. Bf3 gxf4 40. Be5
Ra2 41. Bd6 h6 42. Bc5 Kf7 43. Bb4 Ke6 44. Bf8 Rh2 45. Bg7 Bd5 46. Be2 Bc6 47.
Kf1 Rh3 48. Bf8 Ke5 49. Kf2 Ke4 50. Bb4 Rh2+ 51. Ke1 Kd4 52. Bd6 Rh3 53. Kf2
Rb3 54. Bf8 Bd5 55. Bg7+ Ke4 56. Bxh6 Bc4 57. Bxc4 bxc4 58. g5 Rf3+ 59. Ke2
Rxa3 60. g6 Ra2+ 61. Ke1 Rg2 62. g7 Kd3 63. Kf1 Rg6 64. Kf2 c3 65. Kf3 c2 66.
Kf2 Rxg7 0-1

[Event "Politiken Cup 2007"]
[Site "Helsingor"]
[Date "2007.07.22"]
[Round "2.33"]
[White "Olsson, Linus"]
[Black "Strand, Kjetil"]
[Result "1-0"]
[WhiteElo "2377"]
[BlackElo "2081"]
[PlyCount "79"]
[EventDate "2007.??.??"]

1. Nf3 d5 2. d4 Nf6 3. c4 c6 4. Nc3 dxc4 5. a4 Bf5 6. Nh4 Bg4 7. h3 Be6 8. e4
g6 9. Nf3 Bg7 10. Be3 O-O 11. Nd2 Qa5 12. Qb1 Qb4 13. a5 Nfd7 14. Bxc4 Bxc4 15.
Ra4 Qd6 16. Nxc4 Qc7 17. O-O b5 18. axb6 Nxb6 19. Nxb6 Qxb6 20. Qa2 a6 21. Qc4
Qb7 22. Rfa1 Rd8 23. Rb4 Qd7 24. Na4 a5 25. Nc5 Qe8 26. Rba4 Nd7 27. Rxa5 Nxc5
28. Qxc5 e6 29. Ra7 Rxa7 30. Rxa7 h5 31. b3 Rb8 32. Qc4 Qc8 33. Ra6 Qb7 34.
Rxc6 Qxb3 35. Rc8+ Kh7 36. Qxb3 Rxb3 37. Rc7 Kg8 38. Kf1 Rb4 39. Rd7 Kf8 40. e5
{Time} 1-0

[Event "Politiken Cup 2007"]
[Site "Helsingor"]
[Date "2007.07.22"]
[Round "2.34"]
[White "Carnstam, Tomas"]
[Black "Rasmussen, Casper"]
[Result "0-1"]
[WhiteElo "2091"]
[BlackElo "2351"]
[PlyCount "82"]
[EventDate "2007.??.??"]

1. d4 d5 2. c4 c6 3. cxd5 cxd5 4. Bf4 Nc6 5. Nc3 Nf6 6. e3 a6 7. Bd3 Bg4 8.
Nge2 e6 9. Rc1 Bd6 10. f3 Bh5 11. Na4 e5 12. dxe5 Nxe5 13. Bxe5 Bxe5 14. Qb3 b5
15. Nc5 O-O 16. Bf5 Qe7 17. g4 Bg6 18. Bxg6 hxg6 19. Nd3 Bd6 20. g5 Nh7 21.
Ndf4 Nxg5 22. Nxd5 Nxf3+ 23. Kf2 Qe4 24. Ng3 Bxg3+ 25. hxg3 Nd2 26. Qd3 Qf3+
27. Ke1 Qxh1+ 28. Kxd2 Qg2+ 29. Kd1 Rad8 30. e4 Rfe8 31. Rc2 Qh1+ 32. Kd2 Qxe4
33. Rc5 Qe1+ 34. Kc2 Kh8 35. Qf3 Qe2+ 36. Qxe2 Rxe2+ 37. Kd3 Rg2 38. Ke4 Rxg3
39. Kf4 Rg2 40. b4 Rxa2 41. Rc6 Kg8 0-1

[Event "Politiken Cup 2007"]
[Site "Helsingor"]
[Date "2007.07.22"]
[Round "2.35"]
[White "Jepson, Christian"]
[Black "Orndahl, Markus"]
[Result "1/2-1/2"]
[WhiteElo "2374"]
[BlackElo "2078"]
[PlyCount "53"]
[EventDate "2007.??.??"]

1. d4 d5 2. c4 c6 3. Nf3 Nf6 4. e3 a6 5. Bd3 Bg4 6. O-O e6 7. Nbd2 Nbd7 8. Re1
Be7 9. b3 O-O 10. Bb2 Re8 11. h3 Bh5 12. a3 Qc7 13. Rc1 Qb8 14. e4 dxe4 15.
Nxe4 Qf4 16. Qd2 Qxd2 17. Nfxd2 Rad8 18. Be2 Nxe4 19. Nxe4 Bxe2 20. Rxe2 f5 21.
Nd2 Bg5 22. Rc2 Bf6 23. c5 e5 24. dxe5 Bxe5 25. Bxe5 Rxe5 26. Rxe5 Nxe5 27. Kf1
1/2-1/2

[Event "Politiken Cup 2007"]
[Site "Helsingor"]
[Date "2007.07.22"]
[Round "2.36"]
[White "Nohr, Finn"]
[Black "Bae, Torstein"]
[Result "0-1"]
[WhiteElo "2087"]
[BlackElo "2364"]
[PlyCount "88"]
[EventDate "2007.??.??"]

1. e4 c5 2. c3 g6 3. d4 cxd4 4. cxd4 d5 5. exd5 Nf6 6. Nc3 Nxd5 7. Bc4 Nb6 8.
Bb3 Bg7 9. Be3 O-O 10. Nge2 Nc6 11. O-O e6 12. a3 Na5 13. Ba2 Nac4 14. Bc1 e5
15. d5 f5 16. b3 Nd6 17. a4 Qf6 18. Ba3 a6 19. Qd2 Nd7 20. Rad1 Re8 21. Bb1 b6
22. f3 Nc5 23. Bc2 Bd7 24. a5 Qd8 25. Qe3 Rc8 26. Bd3 Nxd3 27. Bxd6 Nc5 28.
axb6 Qxb6 29. Bxc5 Qxc5 30. Qxc5 Rxc5 31. Na4 Bxa4 32. bxa4 Rd8 33. d6 Rc6 34.
d7 Kf7 35. Rd2 Ke7 36. Rfd1 Rc7 37. Rb2 Rdxd7 38. Rxd7+ Kxd7 39. Rb6 Ra7 40.
Kf1 Bf8 41. Nc3 Bc5 42. Rf6 Be7 43. Rb6 Bd8 44. Rb3 Kc6 0-1

[Event "Politiken Cup 2007"]
[Site "Helsingor"]
[Date "2007.07.22"]
[Round "2.37"]
[White "Andersen, Lars Rene"]
[Black "Nithander, Victor"]
[Result "0-1"]
[WhiteElo "2081"]
[BlackElo "2357"]
[PlyCount "114"]
[EventDate "2007.??.??"]

1. e4 d6 2. d4 Nf6 3. Nc3 g6 4. f3 c6 5. Be3 b5 6. Qd2 Nbd7 7. g4 Nb6 8. h4 h5
9. g5 Nfd7 10. b3 d5 11. exd5 b4 12. dxc6 bxc3 13. cxd7+ Bxd7 14. Qxc3 Nd5 15.
Qd2 e5 16. Ne2 Rc8 17. a3 Bg7 18. Bf2 O-O 19. Bg2 exd4 20. Bxd4 Bxd4 21. Nxd4
Re8+ 22. Kf2 Qb6 23. Rac1 Nc3 24. Rhe1 Rxe1 25. Rxe1 Nb5 26. Rd1 Bf5 27. Kg3
Rd8 28. c3 Qc7+ 29. f4 Qxc3+ 30. Qxc3 Nxc3 31. Rc1 Na2 32. Rc4 Bd3 33. Ra4 Nc3
34. Nc6 Re8 35. Rxa7 Re3+ 36. Kf2 Nd1+ 37. Kg1 Re1+ 38. Kh2 Ne3 39. Ne5 Bc2 40.
Kg3 Re2 41. Kf3 Bd1 42. Bh3 Nd5 43. Kg3 Re3+ 44. Kh2 Nxf4 45. Bf1 Rxe5 46. Bc4
Ne6 47. a4 Be2 48. Ba6 Bxa6 49. Rxa6 Re2+ 50. Kg1 Rb2 51. Rb6 Ra2 52. Rb5 Nd4
53. Rb4 Nf3+ 54. Kf1 Kg7 55. Rb5 Nxh4 56. a5 Nf5 57. b4 h4 0-1

[Event "Politiken Cup 2007"]
[Site "Helsingor"]
[Date "2007.07.22"]
[Round "2.38"]
[White "Jacobsen, Per"]
[Black "Wiwe, Andreas"]
[Result "0-1"]
[WhiteElo "1730"]
[BlackElo "2187"]
[PlyCount "57"]
[EventDate "2007.??.??"]

1. Nf3 d6 2. d4 f5 3. b3 Nf6 4. Nbd2 g6 5. Bb2 Bg7 6. e3 O-O 7. c4 Qe8 8. Be2
h6 9. O-O Na6 10. a3 Bd7 11. Qc2 c6 12. c5 Nc7 13. cxd6 exd6 14. Nc4 Qe7 15.
Rac1 Rae8 16. Rfe1 Bc8 17. a4 Ne4 18. Nfd2 Nd5 19. Nxe4 fxe4 20. Ba3 Rf6 21.
Nd2 Kh8 22. b4 Rxf2 23. Kxf2 Nxe3 24. Qxe4 Qf6+ 25. Qf3 Qxd4 26. Kg1 Nc2+ 27.
Kh1 Nxe1 28. Rxe1 Qxd2 29. Qf2 0-1

[Event "Politiken Cup 2007"]
[Site "Helsingor"]
[Date "2007.07.22"]
[Round "2.39"]
[White "Olsen, Heini"]
[Black "Hensbergen, Willem"]
[Result "1-0"]
[WhiteElo "2350"]
[BlackElo "2076"]
[PlyCount "71"]
[EventDate "2007.??.??"]

1. d4 Nf6 2. c4 c5 3. d5 e6 4. Nc3 exd5 5. cxd5 d6 6. Nf3 g6 7. h3 Bg7 8. e4
O-O 9. Bd3 Nbd7 10. O-O Nh5 11. Bg5 Bf6 12. Be3 Ne5 13. Nxe5 Bxe5 14. f4 Bg7
15. Qf3 Bxc3 16. bxc3 Qh4 17. g4 Qg3+ 18. Qxg3 Nxg3 19. Rfe1 f5 20. exf5 gxf5
21. Bf2 Ne4 22. Bxe4 fxe4 23. Rxe4 b5 24. f5 Bb7 25. Rd1 a5 26. a3 a4 27. Bg3
Ra6 28. Re6 Rd8 29. Re7 Rb6 30. f6 Rf8 31. g5 h6 32. h4 b4 33. cxb4 cxb4 34.
axb4 hxg5 35. Rg7+ Kh8 36. hxg5 1-0

[Event "Politiken Cup 2007"]
[Site "Helsingor"]
[Date "2007.07.22"]
[Round "2.40"]
[White "Roder, Peter"]
[Black "Mikkelsen, Nikolaj"]
[Result "1-0"]
[WhiteElo "2080"]
[BlackElo "2303"]
[PlyCount "58"]
[EventDate "2007.??.??"]

1. e4 c5 2. Nf3 d6 3. d4 cxd4 4. Nxd4 Nf6 5. Nc3 a6 6. Bc4 e6 7. Bb3 b5 8. f3
Be7 9. Be3 Qc7 10. O-O O-O 11. a3 Nc6 12. Nxc6 Qxc6 13. Qe2 Bb7 14. Rad1 Rfd8
15. Bd4 Re8 16. Rfe1 Nd7 17. f4 Bf8 18. Qg4 g6 19. h4 Bg7 20. Bxg7 Kxg7 21. e5
f5 22. Qf3 d5 23. Ne2 h5 24. Nd4 Qb6 25. c3 a5 26. Qf2 Rec8 27. Re3 Nc5 28. Bc2
Ba6 29. Rg3 Kh7 1-0

[Event "Politiken Cup 2007"]
[Site "Helsingor"]
[Date "2007.07.22"]
[Round "2.41"]
[White "Larsen, Karsten"]
[Black "Vos, Chris"]
[Result "1-0"]
[WhiteElo "2325"]
[BlackElo "2071"]
[PlyCount "53"]
[EventDate "2007.??.??"]

1. e4 d5 2. Nc3 Nf6 3. exd5 Nxd5 4. Bc4 c6 5. Qf3 e6 6. Nge2 Nd7 7. d4 Qf6 8.
Qxf6 N7xf6 9. O-O Bd6 10. Bd2 O-O 11. Ng3 Nxc3 12. Bxc3 Re8 13. Rfe1 Bd7 14.
Rad1 Rad8 15. Bb3 Bc8 16. a3 b6 17. Ba4 Bb7 18. b4 Rf8 19. Bb2 Be7 20. c4 Bd6
21. f3 c5 22. dxc5 bxc5 23. Bc3 Be7 24. Nf5 exf5 25. Rxe7 Rxd1+ 26. Bxd1 Ba6
27. b5 1-0

[Event "Politiken Cup 2007"]
[Site "Helsingor"]
[Date "2007.07.22"]
[Round "2.42"]
[White "Thomassen, Joachim"]
[Black "Blomqvist, Erik"]
[Result "1/2-1/2"]
[WhiteElo "2075"]
[BlackElo "2313"]
[PlyCount "95"]
[EventDate "2007.??.??"]

1. d4 d5 2. c4 c6 3. Nc3 dxc4 4. e4 b5 5. a4 b4 6. Nb1 Nf6 7. e5 Nd5 8. Bxc4 e6
9. Nf3 Be7 10. Nbd2 a5 11. O-O Ba6 12. Bxa6 Nxa6 13. Nb3 O-O 14. Bd2 Qb6 15.
Bg5 Rfd8 16. Bxe7 Nxe7 17. Qc2 h6 18. Rac1 Rd5 19. Nfd2 Rc8 20. Nc4 Qa7 21. Nd6
Rc7 22. Rfd1 Qa8 23. Qe4 Qd8 24. Qe2 Nb8 25. Rd3 Ng6 26. Qe4 Nd7 27. Nxf7 Kxf7
28. Rf3+ Nf6 29. h4 h5 30. Re1 Re7 31. exf6 gxf6 32. Qc2 Qc7 33. Rg3 f5 34. Rg5
Nf4 35. Kh1 Re8 36. g3 Nh3 37. Rxh5 Kg6 38. Qe2 Nxf2+ 39. Kg2 Ne4 40. Qf3 Nf6
41. Rg5+ Kf7 42. Re2 c5 43. Nxc5 Rxd4 44. Nxe6 Rxe6 45. Rxe6 Kxe6 46. Qxf5+ Kf7
47. Qg6+ Ke6 48. Qf5+ 1/2-1/2

[Event "Politiken Cup 2007"]
[Site "Helsingor"]
[Date "2007.07.22"]
[Round "2.43"]
[White "Kleiman, Jake"]
[Black "Eklund, Joel"]
[Result "1-0"]
[WhiteElo "2312"]
[BlackElo "2067"]
[PlyCount "75"]
[EventDate "2007.??.??"]

1. e4 c6 2. d4 d5 3. exd5 cxd5 4. c4 Nf6 5. Nc3 Nc6 6. Bg5 e6 7. cxd5 exd5 8.
Bb5 Be7 9. Nge2 O-O 10. O-O Bg4 11. Bxc6 bxc6 12. Na4 Nd7 13. Bxe7 Qxe7 14. f3
Bf5 15. Re1 Qe3+ 16. Kh1 Bd3 17. Qc1 Qxc1 18. Raxc1 Rab8 19. b3 Rb4 20. Rcd1
Bb5 21. Nec3 Bxa4 22. Nxa4 Rd8 23. Re3 Kf8 24. Kg1 Re8 25. Rc3 Re2 26. a3 Rb8
27. Rxc6 Rxb3 28. Nc3 Re6 29. Rc8+ Re8 30. Rc7 Nb6 31. a4 Re3 32. Rc1 Rd3 33.
a5 Rd2 34. axb6 Rbb2 35. Rc8+ Ke7 36. Nxd5+ Kd6 37. Ne3 axb6 38. Nc4+ 1-0

[Event "Politiken Cup 2007"]
[Site "Helsingor"]
[Date "2007.07.22"]
[Round "2.45"]
[White "Kjartansson, Gudmundur"]
[Black "Mathiesen, Erik"]
[Result "1-0"]
[WhiteElo "2306"]
[BlackElo "2060"]
[PlyCount "71"]
[EventDate "2007.??.??"]

1. e4 e5 2. Nf3 Nc6 3. Bb5 d6 4. d4 exd4 5. Nxd4 Bd7 6. Nc3 Nxd4 7. Bxd7+ Qxd7
8. Qxd4 Nf6 9. Bg5 Be7 10. O-O O-O 11. Rad1 Rfd8 12. f4 Qc6 13. Kh1 h6 14. Bh4
a6 15. Qd3 Re8 16. Rde1 Rad8 17. f5 Qd7 18. Bxf6 Bxf6 19. Nd5 Be5 20. f6 c6 21.
Ne7+ Kf8 22. Nf5 Bxf6 23. Nxh6 Qe6 24. Nf5 g6 25. Ne3 Bg7 26. Nd1 Qxa2 27. b3
Qa5 28. Re3 Qe5 29. Nf2 d5 30. Qe2 dxe4 31. Nxe4 Rd4 32. Qf2 f5 33. Rfe1 Qb8
34. Ng5 Rxe3 35. Qxe3 Qd8 36. Ne6+ 1-0

[Event "Politiken Cup 2007"]
[Site "Helsingor"]
[Date "2007.07.22"]
[Round "2.46"]
[White "Getz, Nicolai"]
[Black "Hirneise, Tobias"]
[Result "0-1"]
[WhiteElo "2060"]
[BlackElo "2293"]
[PlyCount "70"]
[EventDate "2007.??.??"]

1. e4 c5 2. Nf3 d6 3. d4 cxd4 4. Nxd4 Nf6 5. Nc3 Nc6 6. Bg5 e6 7. Qd2 a6 8.
O-O-O Bd7 9. f3 h6 10. Be3 b5 11. a3 Ne5 12. g4 Rb8 13. h4 Qc7 14. Rg1 g6 15.
g5 hxg5 16. hxg5 Nh5 17. f4 Nc4 18. Bxc4 bxc4 19. Rde1 Qb7 20. Nd1 Bg7 21. c3
Qxe4 22. Nc2 Qb7 23. Qxd6 Ba4 24. Nb4 Ra8 25. Bc5 Qd7 26. Re4 Qxd6 27. Bxd6 Rd8
28. Bc7 Rd7 29. Bb6 Ng3 30. Rxc4 Ne2+ 31. Kb1 O-O 32. Re1 Bxd1 33. Bd4 Bb3 34.
Bxg7 Kxg7 35. Re4 Rfd8 0-1